Sowing : (Record no. 3133)
[ view plain ]
| 000 -LEADER | |
|---|---|
| fixed length control field | 00877nac a22002531i 4500 |
| 003 - CONTROL NUMBER IDENTIFIER | |
| control field | EG-ScBUE |
| 005 - DATE AND TIME OF LATEST TRANSACTION | |
| control field | 20240325093723.0 |
| 008 - FIXED-LENGTH DATA ELEMENTS--GENERAL INFORMATION | |
| fixed length control field | 240325s1960 enka f 000 0aeng d |
| 035 ## - SYSTEM CONTROL NUMBER | |
| System control number | (OCoLC)1346957 |
| 040 ## - CATALOGING SOURCE | |
| Original cataloging agency | EG-ScBUE |
| Language of cataloging | eng |
| Description conventions | rda |
| Transcribing agency | EG-ScBUE |
| Modifying agency | EG-ScBUE |
| 082 04 - DEWEY DECIMAL CLASSIFICATION NUMBER | |
| Classification number | 320.0924 |
| Item number | WOO |
| Edition number | 22 |
| 100 1# - MAIN ENTRY--PERSONAL NAME | |
| Personal name | Woolf, Leonard, |
| Dates associated with a name | 1880-1969, |
| Relator term | author. |
| 245 10 - TITLE STATEMENT | |
| Title | Sowing : |
| Remainder of title | an autobiography of the years 1880 to 1904 / |
| Statement of responsibility, etc | by Leonard Woolf. |
| 264 ## - PUBLICATION, DISTRIBUTION, ETC. (IMPRINT) | |
| Place of publication, distribution, etc | London : |
| Name of publisher, distributor, etc | The Hogarth Press, |
| Date of publication, distribution, etc | 1960. |
| 300 ## - PHYSICAL DESCRIPTION | |
| Extent | 224 pages : |
| Other physical details | illustrations ; |
| Dimensions | 22 cm |
| 336 ## - CONTENT TYPE | |
| Source | rdacontent |
| Content type term | text |
| Content type code | txt |
| 337 ## - MEDIA TYPE | |
| Media type term | unmediated |
| Source | rdamedia |
| Media type code | n |
| 338 ## - CARRIER TYPE | |
| Carrier type term | volume |
| Carrier type code | nc |
| Source | rdacarrier |
| 600 17 - SUBJECT ADDED ENTRY--PERSONAL NAME | |
| Source of heading or term | BUEsh |
| Personal name | Woolf, Leonard, |
| Dates associated with a name | 1880-1969. |
| 650 #7 - SUBJECT ADDED ENTRY--TOPICAL TERM | |
| Topical term or geographic name as entry element | Political scientists |
| Geographic subdivision | Great Britain |
| Form subdivision | Biography. |
| Source of heading or term | BUEsh |
| 655 ## - INDEX TERM--GENRE/FORM | |
| Form subdivision | Reading book |
| 942 ## - ADDED ENTRY ELEMENTS (KOHA) | |
| Koha item type | Book - Borrowing |
| Source of classification or shelving scheme | Dewey Decimal Classification |
| Withdrawn status | Lost status | Source of classification or shelving scheme | Damaged status | Not for loan | Collection code | Home library | Current library | Shelving location | Date acquired | Source of acquisition | Total Checkouts | Full call number | Barcode | Date last seen | Koha item type |
|---|---|---|---|---|---|---|---|---|---|---|---|---|---|---|---|
| Dewey Decimal Classification | Alahram | Central Library | Central Library | Second Floor | 22/03/2007 | Purchase | 320.0924 WOO | 000030640 | 15/07/2025 | Book - Borrowing |